000 00418nam a2200181Ia 4500
001 17231
005 20260306170410.0
008 260306t2009||||xx |||||||||||||| ||und||
041 _aESP
082 _a658.5
_bH39 2009
100 _aHeizer, Jay
_eAUT
245 0 _aPrincipios de administración de operaciones
260 _c2009
300 _a
_c
650 _aGEN
654 _aCAN
942 _cLIB
_dJUS
_fJUS
_2ddc
_n
999 _c17231
_d17231